Grupy etniczne według państwa #2 - Statystyki

Ogólne statystyki
  • Ten quiz został rozwiązany 2 123 razy
    2 117 od ostatniego zresetowania
  • Średni wynik to 10 z 20
Statystyki odpowiedzi
Grupa Państwo % Poprawnych
Baskowie Hiszpania
90%
Tatarzy Rosja
84%
Latynosi Meksyk
76%
Jawajczycy Indonezja
72%
Arabowie Egipt
71%
Bengalczycy Bangladesz
69%
Szerpowie Nepal
68%
Khmerzy Kambodża
67%
Zulusi Republika Południowej Afryki
61%
Inuici Dania (Grenlandia)
56%
Czirokezi Stany Zjednoczone
54%
Ujgurzy Chiny
49%
Berberowie Maroko | Algieria
49%
Pendżabczycy Pakistan
49%
Nubijczycy Sudan
34%
Tagalowie Filipiny
25%
Ajnowie Japonia
22%
Druzowie Syria
20%
Syngalezi Sri Lanka
19%
Akadyjczycy* Kanada
11%
Nie znaleziono quizów pasujących do podanych kryteriów
Rozkład punktacji
Procent ludzi z każdym wynikiem
Percentyl według liczby udzielonych odpowiedzi
Twoja historia wyników
Nie rozwiązałeś tego quizu od ostatniego zresetowania